| 000 | 00637cam a2200205 i 4500 | ||
|---|---|---|---|
| 001 | 50153 | ||
| 005 | 20230410101954.0 | ||
| 008 | 071203b1994 dr ao 000 0 spa | ||
| 040 |
_aDRFGD _bspa |
||
| 041 | 0 | _aspa | |
| 050 | 1 | 4 |
_a118 F 1939 _bA385p 1994 |
| 100 | _aAlfau Durán, Vetilio | ||
| 245 | 0 | 0 |
_aPara una historia de higuey / _cVetilio Alfau Durán. |
| 260 |
_aSanto Domingo : _bURPA, _c1994. |
||
| 300 |
_a85 p. : _bill. |
||
| 650 | 0 |
_aLa Altagracia (Dominican Republic _xHistory. |
|
| 856 | 0 | 0 |
_3Mas?... busque en WorldCat (solo desde FUNGLODE _uhttp://www.firstsearch.oclc.org/fsip |
| 942 |
_2lcc _cbk |
||
| 946 | _acsexposito | ||
| 999 |
_c16691 _d16691 |
||